000 00724nam a2200241Ia 4500
001 dia_1349
003 CHAP
005 20251023163241.0
008 220117s1988 xx 000 0 und d
010 _a171897
040 _cCHAP
082 _a576.163 B6Y
100 _aBoard, R.G.
_913297
245 _aIntroducción a la Microbiología Moderna de los Alimentos /
_c por R.G. Board, traducido por Bernabe Sanz Pérez
260 _aZaragoza, España. Acribia
_c1988
300 _a269 p.
600 _aII.Sanz Perez, Bernabe
_9150580
650 _aAlimentos
_xMicrobiología.
901 _a576.163 B6Y
902 _aM
905 _a0000001988 ZARX 0000000000ESP00
942 _cLIBRO
_2ddc
999 _c171897
_d171897